000 00304nam a2200133Ia 4500
008 191201s1961 xx 000 0 und d
082 _a539.7
100 _aCHASE,Robert L
245 0 _aNuclear Pulse Spectrometry
260 _aN. Delhi
_bMGH
_c1961
300 _a221
650 _aApplied
942 _2ddc
_cBK
999 _c559
_d559